01243nam a2200277Ia 450000500170000000800410001702000180005804000180007604100080009408200210010210000250012324501020014825000060025026000390025630000280029565000550032365000360037865000390041465000400045370000310049394200250052499900190054995201250056895201360069395201360082920240503085135.0210716s2009 xx 000 0 und d a9788131702444 cAIMIT LIBRARY aeng a005.73 23bBAAS aBaase, Sara.9162931 aComputer algorithms: bintroduction to design and analysis /cby Sara Baase and Allen Van Gelder. a3 aNew DelhibPearson Educationc2009 axix,688 p.;bPBc25 cm. aData abstraction and basic data structures9162932 aRecursion and induction9162933 aDynamic sets and searching9162934 aGraphs and graph traversals9162935 aGelder, Allen Van.9162988 2ddccBKk005.73 BAAS c191201d191201 001040708MCAaAIMITbAIMITd2021-07-16g325.00l0o005.73 BAASpMCA03926r2026-05-23 00:00:00v325.00w2021-07-16yBK 001040708MCAaAIMITbAIMITeHigginbothams Pvt Ltdg450.00l0o005.73 BAASpMCA10709r2026-05-23 00:00:00v337.50w2021-07-16yBK 001040708MCAaAIMITbAIMITeHigginbothams Pvt Ltdg450.00l0o005.73 BAASpMCA10710r2026-05-23 00:00:00v337.50w2021-07-16yBK